Computer methods in structural masonry-4 : (Record no. 549017)
[ view plain ]
| 000 -LEADER | |
|---|---|
| fixed length control field | 00933cam a2200229 a 4500 |
| 020 ## - INTERNATIONAL STANDARD BOOK NUMBER | |
| International Standard Book Number | 041923540X |
| 082 00 - DEWEY DECIMAL CLASSIFICATION NUMBER | |
| Classification number | 693.1 |
| Author Mark | PAN |
| -- | L-N, P-22 |
| 100 ## - MAIN ENTRY--PERSONAL NAME | |
| Personal name | Pnde, g.n |
| 9 (RLIN) | 45512 |
| 245 10 - TITLE STATEMENT | |
| Title | Computer methods in structural masonry-4 : |
| Remainder of title | proceedings of the Fourth International Symposium on Computer Methods in Structural Masonry, 3-5 September 1997, Florence, Italy / |
| Statement of responsibility, etc. | edited by G.N. Pande, J. Middleton, B. Kralj. |
| 260 ## - PUBLICATION, DISTRIBUTION, ETC. | |
| Place of publication, distribution, etc. | London ; |
| -- | New York : |
| Name of publisher, distributor, etc. | E & FN Spon, |
| Date of publication, distribution, etc. | c1998. |
| 300 ## - PHYSICAL DESCRIPTION | |
| Extent | x, 348 p. : |
| Other physical details | ill. ; |
| Dimensions | 24 cm. |
| 526 ## - STUDY PROGRAM INFORMATION NOTE | |
| Program name | 0 |
| Interest level | 0 |
| Reading level | 0 |
| Title point value | 693_100000000000000_PAN |
| 650 #0 - SUBJECT ADDED ENTRY--TOPICAL TERM | |
| Topical term or geographic name entry element | Computer-aided engineering |
| 9 (RLIN) | 34561 |
| 650 #0 - SUBJECT ADDED ENTRY--TOPICAL TERM | |
| Topical term or geographic name entry element | Masonry |
| 9 (RLIN) | 36353 |
| 650 #0 - SUBJECT ADDED ENTRY--TOPICAL TERM | |
| Topical term or geographic name entry element | MCE |
| 9 (RLIN) | 379 |
| 650 #0 - SUBJECT ADDED ENTRY--TOPICAL TERM | |
| Topical term or geographic name entry element | Structural analysis (Engineering) |
| General subdivision | Data processing |
| 9 (RLIN) | 40515 |
| 700 1# - ADDED ENTRY--PERSONAL NAME | |
| Personal name | Kralj, B. |
| 9 (RLIN) | 45513 |
| 700 1# - ADDED ENTRY--PERSONAL NAME | |
| Personal name | Middleton, J. |
| 9 (RLIN) | 45514 |
| 700 1# - ADDED ENTRY--PERSONAL NAME | |
| Personal name | Pande, G. N. |
| 9 (RLIN) | 45515 |
| 856 42 - ELECTRONIC LOCATION AND ACCESS | |
| Uniform Resource Identifier | <a href="http://www.loc.gov/catdir/enhancements/fy0651/98029365-d.html">http://www.loc.gov/catdir/enhancements/fy0651/98029365-d.html</a> |
| 942 ## - ADDED ENTRY ELEMENTS (KOHA) | |
| Source of classification or shelving scheme | |
| Koha item type | Book |
| Withdrawn status | Lost status | Source of classification or shelving scheme | Damaged status | Not for loan | Permanent Location | Current Location | Date acquired | Total Checkouts | Full call number | Barcode | Date last seen | Price effective from | Koha item type |
|---|---|---|---|---|---|---|---|---|---|---|---|---|---|
| Military College of Engineering (MCE) | Military College of Engineering (MCE) | 09/15/2014 | 693.1 PAN | MCE-44203 | 09/15/2014 | 09/15/2014 | Book |
